Nosotros, ciudadanos a la intemperie /

Este artículo habla acerca del malestar que recorre a casi todos los países de América Latina, donde hay un agotamiento de las fuerzas sociales sustentadoras del proyecto democrático así como de la democracia electoral, donde cada vez menos gente participa

Đã lưu trong:
Chi tiết về thư mục
Tác giả chính: Vial, Alejandro
Định dạng: Texto
Những chủ đề:
Các nhãn: Thêm thẻ
Không có thẻ, Là người đầu tiên thẻ bản ghi này!

MARC

LEADER 00000 a a2200000 04500
001 10765
003
040
100 |a Vial, Alejandro  
245 |a Nosotros, ciudadanos a la intemperie /  |c Alejandro Vial 
500 |a Versión revisada y corregida del trabajo presentado en el III Curso Regional sobre Democracia y Gerencia Política del Mercosur, 1 de agosto 2004%Resumen también en inglés en páginas 143Versión revisada y corregida del trabajo presentado en el III Curso Regional sobre Democracia y Gerencia Política del Mercosur, 1 de agosto 2004%Resumen también en inglés en páginas 143  
520 |a Este artículo habla acerca del malestar que recorre a casi todos los países de América Latina, donde hay un agotamiento de las fuerzas sociales sustentadoras del proyecto democrático   |a así como de la democracia electoral, donde cada vez menos gente participa  
650 |a CRISIS  
650 |a DEMOCRACIA  
650 |a LIDERAZGO  
773 |g número 195; páginas 42-53  
999 |c 26747  |d 26747